[Event "Prague-E"]
[Site "Prague"]
[Date "2019.03.10"]
[Round "2.5"]
[White "Portych, Vaclav"]
[Black "Skopec, Lubos"]
[Result "1/2-1/2"]
[WhiteElo "1839"]
[BlackElo "1918"]
[PlyCount "31"]
[EventDate "2019.03.09"]
[EventType "tourn"]
[EventRounds "9"]
[EventCountry "CZE"]
[SourceTitle "CBM 189 Extra"]
[Source "ChessBase"]
[SourceDate "2019.06.03"]
[SourceVersion "1"]
[SourceVersionDate "2019.06.03"]
[SourceQuality "1"]

1. c4 e5 2. Nc3 Nf6 3. Nf3 d6 4. g3 Bg4 5. Bg2 c6 6. 0-0 Qd7 7. d4 e4 8. Ne1 d5 9. cxd5 cxd5 10. Nc2 Nc6 11. Bf4 Nb4 12. Rc1 Rc8 13. a3 Nxc2 14. Rxc2 Be7 15. Qd2 0-0 16. Rfc1 1/2-1/2

[Event "Klatovy op-A 24th"]
[Site "Klatovy"]
[Date "2018.06.30"]
[Round "1"]
[White "Jurek, Josef"]
[Black "Skopec, Lubos"]
[Result "1-0"]
[WhiteElo "2277"]
[BlackElo "1981"]
[PlyCount "119"]
[EventDate "2018.06.30"]
[EventType "swiss"]
[EventRounds "9"]
[EventCountry "CZE"]
[SourceTitle "CBM 185 Extra"]
[Source "ChessBase"]
[SourceDate "2018.07.29"]
[SourceVersion "1"]
[SourceVersionDate "2018.07.29"]
[SourceQuality "1"]

1. Nf3 Nf6 2. c4 e6 3. g3 d5 4. Bg2 Be7 5. 0-0 0-0 6. d4 Nbd7 7. Qc2 c6 8. b3 b6 9. Rd1 Bb7 10. Nc3 Rc8 11. e4 c5 12. exd5 exd5 13. Bb2 Re8 14. dxc5 dxc4 15. Ne5 Bxg2 16. Kxg2 Qc7 17. Nxd7 Nxd7 18. Qf5 Nf6 19. bxc4 Bxc5 20. Qf3 Qe5 21. Re1 Qg5 22. Nd5 Nxd5 23. cxd5 Bb4 24. Rxe8+ Rxe8 25. Rd1 Qg6 26. d6 Qe6 27. Qd3 Bc5 28. d7 Rd8 29. a3 f6 30. Kg1 Kf7 31. a4 g6 32. Bc3 a5 33. Rd2 Kf8 34. Qf3 Rxd7 35. Rxd7 Qxd7 36. Qxf6+ Qf7 37. Qd8+ Qe8 38. Qf6+ Qf7 39. Qh8+ Ke7 40. Bd4 Kd7 41. Bxc5 bxc5 42. Qc3 Qd5 43. Qxa5 Qd1+ 44. Kg2 Qd5+ 45. f3 Qa2+ 46. Kh3 c4 47. Qd5+ Kc7 48. a5 Qc2 49. g4 Qd3 50. Qc5+ Kd7 51. Qb5+ Kc7 52. Qb6+ Kd7 53. Qb7+ Kd6 54. Qa6+ Kd7 55. Kg3 Qd4 56. Qb7+ Kd6 57. Qb4+ Kc6 58. a6 Qe5+ 59. Kh3 Qd5 60. Qb7+ 1-0

[Event "Klatovy op-A 23rd"]
[Site "Klatovy"]
[Date "2017.07.09"]
[Round "9"]
[White "Parizek, Vojtech"]
[Black "Skopec, Lubos"]
[Result "1-0"]
[WhiteElo "2065"]
[BlackElo "1972"]
[PlyCount "41"]
[EventDate "2017.07.01"]
[EventType "swiss"]
[EventRounds "9"]
[EventCountry "CZE"]
[SourceTitle "EXT 2018"]
[Source "ChessBase"]
[SourceDate "2017.10.13"]
[SourceVersion "1"]
[SourceVersionDate "2017.10.13"]
[SourceQuality "1"]

1. e4 c5 2. Nf3 d6 3. d4 cxd4 4. Qxd4 Nc6 5. Bb5 Bd7 6. Bxc6 bxc6 7. c4 Qc7 8. 0-0 Rd8 9. Nc3 Nf6 10. Be3 a6 11. e5 dxe5 12. Nxe5 Bf5 13. Qc5 e6 14. Qxc6+ Qxc6 15. Nxc6 Rc8 16. Nd4 Bd3 17. Rfd1 Bxc4 18. Rac1 Rd8 19. Nc6 Rd7 20. Ne5 Rxd1+ 21. Nxd1 1-0

[Event "Klatovy op-A 23rd"]
[Site "Klatovy"]
[Date "2017.07.07"]
[Round "7"]
[White "Trmal, Jaroslav"]
[Black "Skopec, Lubos"]
[Result "1/2-1/2"]
[WhiteElo "2201"]
[BlackElo "1972"]
[PlyCount "94"]
[EventDate "2017.07.01"]
[EventType "swiss"]
[EventRounds "9"]
[EventCountry "CZE"]
[SourceTitle "EXT 2018"]
[Source "ChessBase"]
[SourceDate "2017.10.13"]
[SourceVersion "1"]
[SourceVersionDate "2017.10.13"]
[SourceQuality "1"]

1. d4 d5 2. c4 e6 3. Nc3 Nf6 4. Bg5 Be7 5. e3 0-0 6. Rc1 h6 7. Bf4 Ne4 8. cxd5 Nxc3 9. bxc3 exd5 10. Bd3 Nd7 11. Ne2 Nf6 12. h3 c5 13. 0-0 b6 14. Ng3 Bd6 15. Qf3 Bxf4 16. Qxf4 Be6 17. Rfd1 Qb8 18. Qh4 cxd4 19. Qxd4 Rd8 20. a4 Qc7 21. Ba6 Qc5 22. Qxc5 bxc5 23. Rb1 Rab8 24. f3 Nd7 25. a5 Rxb1 26. Rxb1 Rb8 27. Rxb8+ Nxb8 28. Bb5 Bd7 29. Bxd7 Nxd7 30. Kf2 Kf8 31. Nf5 Nb8 32. Nd6 Nc6 33. c4 Nxa5 34. cxd5 Nb3 35. Ke2 a5 36. Nc4 Ke7 37. Kd3 a4 38. Kc2 f5 39. Nb6 Kd6 40. Nxa4 Na5 41. Nc3 Nc4 42. Kd3 Ne5+ 43. Ke2 g5 44. e4 f4 45. Nb5+ Kd7 46. Kf2 Nd3+ 47. Ke2 Ne5 1/2-1/2

[Event "Klatovy op-A 23rd"]
[Site "Klatovy"]
[Date "2017.07.05"]
[Round "5"]
[White "Zeman, Matyas"]
[Black "Skopec, Lubos"]
[Result "1-0"]
[WhiteElo "2166"]
[BlackElo "1972"]
[PlyCount "127"]
[EventDate "2017.07.01"]
[EventType "swiss"]
[EventRounds "9"]
[EventCountry "CZE"]
[SourceTitle "EXT 2018"]
[Source "ChessBase"]
[SourceDate "2017.10.13"]
[SourceVersion "1"]
[SourceVersionDate "2017.10.13"]
[SourceQuality "1"]

1. d4 d5 2. Bf4 Bf5 3. c4 e6 4. cxd5 exd5 5. Nc3 c6 6. e3 Bd6 7. Bxd6 Qxd6 8. Bd3 Bxd3 9. Qxd3 Nf6 10. Nge2 0-0 11. 0-0 Nbd7 12. h3 Rfe8 13. Rfc1 Ne4 14. Nxe4 dxe4 15. Qc4 Nb6 16. Qc5 Qxc5 17. Rxc5 Rad8 18. b4 Rd7 19. Rb1 a6 20. Rc2 f5 21. h4 h6 22. h5 g5 23. hxg6 Kg7 24. g3 Kxg6 25. Kg2 Rh8 26. Nf4+ Kf6 27. Rc5 Nd5 28. Nxd5+ Rxd5 29. Rxd5 cxd5 30. Rc1 Rh7 31. a4 Rd7 32. Rc5 Ke6 33. Kh3 Rd6 34. Kh4 Kd7 35. a5 Kd8 36. Kh5 Kd7 37. b5 axb5 38. Rxb5 Kc7 39. Kh4 Kc8 40. g4 fxg4 41. Kxg4 Kc7 42. Kf5 Rd8 43. Ke6 Rf8 44. Rc5+ Kb8 45. Kxd5 Rxf2 46. Kxe4 Ka7 47. d5 b6 48. axb6+ Kxb6 49. Rc6+ Kb7 50. Rxh6 Kc7 51. Ke5 Rg2 52. Rh7+ Kd8 53. e4 Rg5+ 54. Kd6 Rg6+ 55. Kc5 Rg1 56. e5 Ra1 57. e6 Ra5+ 58. Kd6 Ra6+ 59. Ke5 Ra5 60. Rd7+ Ke8 61. Kf6 Ra1 62. Rb7 Rf1+ 63. Ke5 Ra1 64. Rb8+ 1-0

[Event "Klatovy op 22nd"]
[Site "Klatovy"]
[Date "2016.07.09"]
[Round "8"]
[White "Skopec, Lubos"]
[Black "Jelinek, Michal"]
[Result "0-1"]
[WhiteElo "1985"]
[BlackElo "2176"]
[PlyCount "110"]
[EventDate "2016.07.02"]
[EventType "swiss"]
[EventRounds "9"]
[EventCountry "CZE"]
[SourceTitle "EXT 2019"]
[Source "ChessBase"]
[SourceDate "2018.10.10"]
[SourceVersion "1"]
[SourceVersionDate "2018.10.10"]
[SourceQuality "1"]

1. e4 e5 2. Nf3 Nc6 3. c3 Nf6 4. d4 exd4 5. e5 Nd5 6. cxd4 Bb4+ 7. Bd2 Bxd2+ 8. Qxd2 0-0 9. Nc3 Nxc3 10. bxc3 d6 11. exd6 Qxd6 12. Be2 Rd8 13. 0-0 h6 14. h3 Be6 15. Rfd1 Na5 16. Rac1 Nc4 17. Qc2 Bd5 18. Nd2 Qe6 19. Nxc4 Bxc4 20. Bxc4 Qxc4 21. Qb3 Qxb3 22. axb3 Kf8 23. Re1 Re8 24. Re3 Rxe3 25. fxe3 Ke7 26. Kf2 a5 27. e4 b5 28. c4 c6 29. cxb5 cxb5 30. Ke3 a4 31. bxa4 bxa4 32. Ra1 a3 33. Ra2 Ke6 34. Kf4 Ra4 35. Ke3 f5 36. Kf3 fxe4+ 37. Kxe4 h5 38. h4 Kd6 39. Kf5 Kd5 40. Kg6 Kc4 41. Kxh5 Kb3 42. Ra1 Kb2 43. Rxa3 Kxa3 44. g4 Ra6 45. Kg5 Kb4 46. Kf5 Kc4 47. h5 Kxd4 48. g5 Kd5 49. g6 Kd6 50. h6 Ke7 51. hxg7 Ra8 52. Kg5 Rg8 53. Kh6 Kf6 54. Kh7 Rxg7+ 55. Kh8 Rxg6 0-1

[Event "Klatovy op 22nd"]
[Site "Klatovy"]
[Date "2016.07.08"]
[Round "7"]
[White "Slovak, Kilian"]
[Black "Skopec, Lubos"]
[Result "1-0"]
[WhiteElo "2108"]
[BlackElo "1985"]
[PlyCount "77"]
[EventDate "2016.07.02"]
[EventType "swiss"]
[EventRounds "9"]
[EventCountry "CZE"]
[SourceTitle "CBM 173 Extra"]
[Source "ChessBase"]
[SourceDate "2016.08.29"]
[SourceVersion "1"]
[SourceVersionDate "2016.08.29"]
[SourceQuality "1"]

1. e4 e5 2. Nf3 Nf6 3. Nxe5 d6 4. Nf3 Nxe4 5. Nc3 Nxc3 6. dxc3 Be7 7. Be3 Nc6 8. Be2 Be6 9. 0-0 h6 10. Re1 Qd7 11. Nd4 Nxd4 12. cxd4 d5 13. Qd2 0-0 14. b3 c6 15. Bd3 f5 16. Bf4 Rae8 17. Re2 Bf6 18. Be5 Bxe5 19. Rxe5 Rf6 20. f4 g6 21. Rae1 Kf7 22. c3 Qd6 23. Qe3 Qd8 24. g4 Bd7 25. gxf5 gxf5 26. c4 Rxe5 27. Qxe5 Rg6+ 28. Kh1 Qf6 29. cxd5 Qxe5 30. fxe5 cxd5 31. Rg1 Rg4 32. Rxg4 fxg4 33. Kg2 Be6 34. Kg3 Ke7 35. Kh4 Kf7 36. Be2 Bf5 37. Bxg4 Bb1 38. a3 Kg6 39. Bf3 1-0

[Event "Klatovy op 22nd"]
[Site "Klatovy"]
[Date "2016.07.02"]
[Round "1"]
[White "Jurek, Josef"]
[Black "Skopec, Lubos"]
[Result "1-0"]
[WhiteElo "2296"]
[BlackElo "1985"]
[PlyCount "89"]
[EventDate "2016.07.02"]
[EventType "swiss"]
[EventRounds "9"]
[EventCountry "CZE"]
[SourceTitle "CBM 173 Extra"]
[Source "ChessBase"]
[SourceDate "2016.08.29"]
[SourceVersion "1"]
[SourceVersionDate "2016.08.29"]
[SourceQuality "1"]

1. Nf3 Nf6 2. c4 e6 3. g3 d5 4. d4 Be7 5. Bg2 0-0 6. 0-0 Nbd7 7. Qc2 c6 8. b3 b6 9. Rd1 Bb7 10. Nc3 Rc8 11. e4 c5 12. exd5 exd5 13. Bb2 dxc4 14. d5 cxb3 15. axb3 c4 16. d6 cxb3 17. Qxb3 Nc5 18. dxe7 Qxe7 19. Qc4 Bc6 20. Nh4 a5 21. Qf4 Bxg2 22. Kxg2 Ne6 23. Qe3 Qb4 24. Rab1 Ng4 25. Qf3 Rc4 26. Nd5 Ng5 27. Nxb4 Nxf3 28. Nxf3 Rxb4 29. Bd4 Rxb1 30. Rxb1 Ra8 31. Rxb6 a4 32. Ne5 Nh6 33. Nc6 Nf5 34. Bc5 g6 35. Rb8+ Rxb8 36. Nxb8 Ng7 37. Nc6 Ne6 38. Ba3 Nc7 39. Nd4 f5 40. Kf3 Kf7 41. Ke2 Kf6 42. Kd3 Ke5 43. Kc4 Ke4 44. Bd6 Ne8 45. Be5 1-0

[Event "Prague Holiday K21"]
[Site "Prague"]
[Date "2014.07.30"]
[Round "6"]
[White "Lammers, Frank"]
[Black "Skopec, Lubos"]
[Result "1/2-1/2"]
[WhiteElo "1999"]
[BlackElo "1959"]
[PlyCount "124"]
[EventDate "2014.07.27"]
[EventType "tourn"]
[EventRounds "9"]
[EventCountry "CZE"]
[SourceTitle "EXT 2023"]
[Source "ChessBase"]
[SourceDate "2022.10.05"]
[SourceVersion "1"]
[SourceVersionDate "2022.10.05"]
[SourceQuality "1"]

1. d4 d5 2. Bf4 Bf5 3. e3 e6 4. Nf3 Bd6 5. Bg3 Ne7 6. Nbd2 Nd7 7. Nh4 Nf6 8. Nxf5 Nxf5 9. Bxd6 Qxd6 10. c3 0-0 11. Bd3 Rfe8 12. 0-0 b6 13. Qc2 g6 14. c4 Ng4 15. g3 Nfxe3 16. fxe3 Nxe3 17. Qc3 Nxf1 18. Rxf1 c5 19. Nf3 dxc4 20. Bxc4 cxd4 21. Qxd4 Qxd4+ 22. Nxd4 Red8 23. Nf3 Kg7 24. b3 Rd6 25. Rf2 f6 26. Nd2 Rf8 27. Kg2 e5 28. Ne4 Rd4 29. Nc3 Rfd8 30. a4 Rd2 31. h4 f5 32. Nb5 Rxf2+ 33. Kxf2 Rd7 34. Ke3 Kf6 35. Nc3 h6 36. Nd5+ Kg7 37. Nc3 g5 38. hxg5 hxg5 39. Be6 f4+ 40. gxf4 exf4+ 41. Ke4 Rd2 42. Kf5 Kh6 43. Bc4 Kh5 44. Ne4 Rg2 45. Bd5 Rg1 46. Nd2 Rc1 47. Bf7+ Kh4 48. Nf3+ Kg3 49. Nxg5 f3 50. Ne4+ Kg2 51. Nd2 Rc5+ 52. Kf4 f2 53. Bc4 Rc8 54. Ke3 Re8+ 55. Kd4 Rf8 56. Kc3 Rd8 57. Nf1 Kf3 58. Nd2+ Kg2 59. Nf1 Rc8 60. Ne3+ Kf3 61. Nf1 Rd8 62. Nd2+ Kg2 1/2-1/2

[Event "Liberec Metalmex op"]
[Site "Liberec"]
[Date "2011.08.17"]
[Round "5"]
[White "Skopec, Lubos"]
[Black "Blahacek, Evzen"]
[Result "1-0"]
[WhiteElo "1958"]
[BlackElo "1991"]
[PlyCount "103"]
[EventDate "2011.08.13"]
[EventType "swiss"]
[EventRounds "9"]
[EventCountry "CZE"]
[SourceTitle "CBM 143 Extra"]
[Source "ChessBase"]
[SourceDate "2011.08.29"]
[SourceVersion "1"]
[SourceVersionDate "2011.08.29"]
[SourceQuality "1"]

1. e4 e5 2. Nf3 Nc6 3. d4 exd4 4. Nxd4 Bc5 5. Be3 Qf6 6. c3 Nge7 7. Bc4 Qg6 8. 0-0 a6 9. Nxc6 Qxc6 10. Qh5 d5 11. exd5 Qd6 12. Nd2 Bf5 13. Bxc5 Qxc5 14. Rfe1 Bg6 15. Qe2 Qd6 16. Ne4 Bxe4 17. Qxe4 Kf8 18. Re3 g6 19. Qe5 Qxe5 20. Rxe5 Nf5 21. Rae1 Nd6 22. Bd3 Re8 23. f4 f6 24. Rxe8+ Nxe8 25. c4 Rg8 26. Re6 Rg7 27. Kf2 Re7 28. Rxe7 Kxe7 29. Ke3 Kd6 30. Kd4 b6 31. b4 c5+ 32. dxc6 Kxc6 33. Be4+ Kc7 34. c5 bxc5+ 35. bxc5 f5 36. Bf3 Kd7 37. Ke5 Ke7 38. c6 Nc7 39. Bd5 h6 40. h4 Ne8 41. Be6 h5 42. Bg8 a5 43. a4 Kf8 44. Ke6 Kxg8 45. Kd7 Nf6+ 46. Kd8 Nd5 47. c7 Nxc7 48. Kxc7 Kf7 49. Kb6 Ke7 50. Kxa5 Kd7 51. Kb6 Kc8 52. Kc6 1-0

[Event "Liberec Metalmex op"]
[Site "Liberec"]
[Date "2010.??.??"]
[Round "6"]
[White "Cakl, Zdenek"]
[Black "Skopec, Lubos"]
[Result "1-0"]
[WhiteElo "2110"]
[BlackElo "1930"]
[PlyCount "79"]
[EventDate "2010.08.14"]
[EventType "swiss"]
[EventRounds "9"]
[EventCountry "CZE"]
[SourceTitle "CBM 138 Extra"]
[Source "ChessBase"]
[SourceDate "2010.10.29"]
[SourceVersion "1"]
[SourceVersionDate "2010.10.29"]
[SourceQuality "1"]

1. Nf3 Nf6 2. b3 g6 3. Bb2 Bg7 4. g3 d5 5. Bg2 c6 6. 0-0 0-0 7. c4 Bf5 8. d3 Nbd7 9. Nc3 Nb6 10. Rc1 Ng4 11. h3 Ne5 12. Nh4 Be6 13. f4 Ned7 14. e4 dxe4 15. dxe4 Nc5 16. Qf3 Qd3 17. Ba3 Bd4+ 18. Kh2 Rfe8 19. Ne2 Nbd7 20. Nxd4 Qxd4 21. Rcd1 Qf6 22. f5 Bxc4 23. bxc4 g5 24. Qe3 gxh4 25. Bxc5 Nxc5 26. Qxc5 hxg3+ 27. Kh1 b6 28. e5 Qh4 29. Qd4 Qxd4 30. Rxd4 Rac8 31. Rf3 c5 32. Rd7 a5 33. Rxg3+ Kh8 34. Rgd3 Kg7 35. Kh2 f6 36. Rg3+ Kh6 37. exf6 exf6 38. Rgg7 Rh8 39. Rgf7 Kg5 40. Rd6 1-0

[Event "Liberec Metalmex op"]
[Site "Liberec"]
[Date "2010.??.??"]
[Round "8"]
[White "Snorek, Milan"]
[Black "Skopec, Lubos"]
[Result "1-0"]
[WhiteElo "2143"]
[BlackElo "1930"]
[PlyCount "179"]
[EventDate "2010.08.14"]
[EventType "swiss"]
[EventRounds "9"]
[EventCountry "CZE"]
[SourceTitle "CBM 138 Extra"]
[Source "ChessBase"]
[SourceDate "2010.10.29"]
[SourceVersion "1"]
[SourceVersionDate "2010.10.29"]
[SourceQuality "1"]

1. d4 d5 2. Nf3 Bf5 3. c4 dxc4 4. e3 Nf6 5. Bxc4 e6 6. 0-0 Nbd7 7. Nc3 c6 8. Qe2 Bg4 9. h3 Bxf3 10. Qxf3 Be7 11. Rd1 Qa5 12. a3 0-0 13. e4 b5 14. Bd3 b4 15. Ne2 bxa3 16. bxa3 e5 17. Bd2 Qd8 18. Bc3 exd4 19. Bxd4 c5 20. Bc3 Qc7 21. Bc2 Bd6 22. Qf5 Rfe8 23. f3 Be5 24. Ba4 Rad8 25. Rac1 Bxc3 26. Nxc3 Re5 27. Qf4 c4 28. Kh1 Qa5 29. g4 Rc5 30. Qd6 Rcc8 31. f4 Nc5 32. Qe5 Rxd1+ 33. Rxd1 Qb6 34. Rd6 Qb2 35. Qxc5 Qc1+ 36. Bd1 Re8 37. Qd4 Qxf4 38. e5 Qf1+ 39. Kh2 Rxe5 40. Rd8+ Ne8 41. Ba4 Qe1 42. Rxe8+ Rxe8 43. Bxe8 Qxe8 44. Qxc4 h6 45. a4 Qe3 46. Ne4 Kh7 47. Kg2 Qf4 48. Qd5 Qe3 49. Nf2 Qb6 50. a5 Qc7 51. a6 f6 52. h4 Qb6 53. h5 Kh8 54. Qb7 Qc5 55. Qa8+ Kh7 56. Qe4+ Kh8 57. Kf3 Qc3+ 58. Qd3 Qe5 59. Qc4 Qd6 60. Qb5 Qc7 61. Nd3 Qh2 62. Qe8+ Kh7 63. Qe4+ Kh8 64. Nf2 Qc7 65. Qd3 Qh2 66. Qd7 Qb8 67. Qb7 Qd6 68. Qxa7 Qd5+ 69. Ke3 Qb3+ 70. Kd4 Qb2+ 71. Ke3 Qb3+ 72. Nd3 Qe6+ 73. Kd2 Qa2+ 74. Kc3 Qa3+ 75. Kd4 Qd6+ 76. Kc4 Qe6+ 77. Kb5 Qe8+ 78. Kc4 Qe6+ 79. Kc3 Qc6+ 80. Nc5 Qf3+ 81. Kb2 Qe2+ 82. Ka3 Qe3+ 83. Kb4 Qd4+ 84. Kb5 Qb2+ 85. Kc6 Qg2+ 86. Kc7 Qg3+ 87. Kd8 Qxg4 88. Qd7 Qb4 89. Qe8+ Kh7 90. Qe4+ 1-0